Words that Rhyme with "Dog" - Statistics

General Stats
  • This quiz has been taken 4,654 times
  • The average score is 12 of 20
Answer Stats
Answer % Correct
log
96%
bog
93%
hog
92%
fog
90%
cog
84%
nog
80%
jog
77%
tog
77%
frog
68%
blog
63%
clog
62%
flog
47%
grog
47%
slog
47%
smog
37%
trog
34%
prog
33%
snog
32%
stog
23%
quag
4%
No matching quizzes found
Score Distribution
Percent of People with Each Score
Percentile by Number Answered
Your Score History
You have not taken this quiz